Work study and ergonomics
Saved in:
| Hovedforfatter: | |
|---|---|
| Format: | Bog |
| Sprog: | engelsk |
| Udgivet: |
R..K Offset press
2018
|
| Tags: |
Tilføj Tag
Ingen Tags, Vær først til at tagge denne postø!
|
MARC
| LEADER | 00000nam a22000007a 4500 | ||
|---|---|---|---|
| 008 | 210712b ||||| |||| 00| 0 eng d | ||
| 020 | |a 9789386761620 | ||
| 100 | |a Tewari, P.C | ||
| 245 | |a Work study and ergonomics |c P.C.T ewari |g ix,127p | ||
| 260 | |b R..K Offset press |c 2018 |h New Delhi |i 696497 |i 696498 |l T60.8.T31 |m Work design |m Human engineering | ||
| 500 | |a It includes index | ||
| 942 | |a lcc |c BK |e Olagoke,M.A |f 12/07/2021 | ||
| 952 | |0 0 |1 0 |2 lcc |4 0 |7 0 |9 2761 |a HOL |b HE |c QZ |d 2021-07-12 |o T60.8.T31 |p 2021-6612 |r 2021-07-12 00:00:00 |w 2021-07-12 |y BK | ||
| 952 | |0 0 |1 0 |2 lcc |4 0 |7 0 |9 2762 |a HOL |b HOL |c QZ |d 2021-07-12 |o T60.8.T31 |p 2021-6613 |r 2021-07-12 00:00:00 |w 2021-07-12 |y BK | ||
| 999 | |c 1439 |d 1439 | ||